[Event "Biel"]
[Site "22"]
[Date "1989.07.28"]
[Round "9"]
[White "Sokolov, Ivan"]
[Black "Hort, Vlastimil"]
[Result "1-0"]
[WhiteElo "2525"]
[BlackElo "2570"]
[Annotator "JvR"]
[PlyCount "75"]
[EventDate "1989.07.??"]
[SourceDate "2013.10.27"]

1. d4 d5 2. c4 e6 3. Nc3 Be7 4. Nf3 Nf6 5. Bg5 h6 6. Bh4 b6 7. Qa4+ $5 c6 $2 ({
More active is} 7... Bd7 8. Qb3 Nc6) 8. cxd5 exd5 9. Ne5 Qd6 $5 10. e3 Bf5 11.
Bd3 Bxd3 12. Nxd3 O-O 13. O-O a5 $6 ({Preferable is} 13... Rc8) 14. Ne5 $1 Rc8
15. e4 b5 $5 ({An interesting alternative is} 15... Nxe4 16. Nxe4 dxe4 17. Qb3
Bxh4 18. Qxf7+ Kh8 {(Sokolov)} 19. Qf4 Qxd4 20. Rad1 Qxb2 21. Qxe4 Na6 22. Ng6+
Kg8 23. Qxh4 {and White has a plus.}) 16. Qc2 Nbd7 17. Nxd7 Qxd7 18. e5 $1 Ne8
19. Bxe7 Qxe7 20. f4 Nc7 21. f5 Qf8 $5 22. Ne2 c5 23. Qd3 Ra6 $5 24. Rf3 $5 Re8
25. Nf4 $1 {White attacks.} Rc6 26. Rg3 $1 c4 27. Qf3 b4 28. Nh5 $1 g5 $5 29.
Rc1 $5 Kh8 30. h4 $1 gxh4 $5 31. Rg4 $5 c3 32. bxc3 Nb5 $5 33. Qxd5 Rxc3 34.
Rf1 Nc7 35. Qe4 h3 36. Nf6 $1 Rd8 37. Qf4 hxg2 38. Rg8+ $1 {Hort is mated soon.
} 1-0

[Event "Biel"]
[Site "22"]
[Date "1989.07.29"]
[Round "10"]
[White "Polugaevsky, Lev"]
[Black "Torre, Eugenio"]
[Result "1-0"]
[WhiteElo "2595"]
[BlackElo "2560"]
[Annotator "JvR"]
[PlyCount "78"]
[EventDate "1989.07.??"]
[SourceDate "2013.10.27"]

1. d4 d5 2. c4 c6 3. Nf3 Nf6 4. Nc3 dxc4 5. a4 Bf5 6. e3 e6 7. Bxc4 Bb4 8. O-O
O-O 9. Nh4 Bg4 10. f3 Bh5 11. g4 Bg6 12. e4 Nbd7 13. g5 Ne8 14. Nxg6 hxg6 15.
Be3 Nd6 $5 ({Torre played} 15... Nc7 {in previous games.}) 16. Be2 $1 Ba5 ({
An improvement will become} 16... e5 $1) 17. Kh1 Qe7 18. Rb1 Rfd8 19. b4 $1
Bxb4 $6 ({More solid is} 19... Bc7 20. f4 Rac8) 20. Rxb4 Nf5 $1 21. exf5 Qxb4
22. Qd2 exf5 23. Rb1 Qa5 24. Rxb7 Rab8 25. Rxb8 Rxb8 26. d5 cxd5 27. Bb5 Nb6 $2
({Right is} 27... Ne5 $1 28. Bf4 $1 Nxf3 $1 {(Polugaevsky).}) 28. Bd4 Nc4 29.
Qf4 Rd8 30. h4 $5 Qb4 $5 31. Qc7 Rf8 $5 32. Bxc4 $2 (32. Nxd5 Qe1+ 33. Kg2 Qe2+
34. Bf2 {wins for White.}) 32... dxc4 $2 ({Better is} 32... Qxc4 33. Qxc4 dxc4
34. Bxa7 Rd8 35. Bc5 Rd3 36. Bb4 Rxf3) 33. Qe5 $1 f6 34. Qe6+ Kh7 35. gxf6 Qb7
36. Nd5 gxf6 37. Kg2 Kh6 38. Nxf6 Rd8 39. Ng8+ $1 Kh5 {
Torre will be mated soon. Polugaevsky joined the lead.} 1-0

[Event "Biel"]
[Site "22"]
[Date "1989.07.31"]
[Round "11"]
[White "Miles, Anthony"]
[Black "Ivanchuk, Vassily"]
[Result "0-1"]
[WhiteElo "2580"]
[BlackElo "2660"]
[Annotator "JvR"]
[PlyCount "96"]
[EventDate "1989.07.??"]
[SourceDate "2013.10.27"]

1. c4 Nf6 2. Nc3 e5 3. Nf3 Nc6 4. g3 g6 5. d4 exd4 6. Nxd4 Bg7 7. Nxc6 bxc6 8.
Bg2 O-O 9. O-O Re8 10. Qa4 Bb7 11. Bf4 $5 ({Usual is} 11. Rd1) 11... Qc8 12.
Rad1 a5 13. Rd2 h6 14. Rfd1 c5 15. Bxb7 Qxb7 16. Nb5 d6 17. Bxd6 $1 cxd6 18.
Nxd6 Qc7 19. Nxe8 Rxe8 {
The chances are almost equal, despite the unequal material.} 20. e3 Bf8 21. Rd3
h5 22. Ra3 Ra8 23. h4 Bd6 24. Qc2 Qc6 25. Qa4 Qc7 26. Qc2 Bf8 {
Black avoids a repetition of moves.} 27. e4 Ne8 28. Re3 Ng7 29. Qd3 $5 Ne6 30.
Qd7 $2 Rd8 $1 31. Qa4 Nd4 $1 {Ivanchuk takes the initiative.} 32. Kg2 Rb8 33.
b3 Rb4 34. Qe8 a4 $1 35. Kh2 $2 ({Better is} 35. Rd2 Kg7 36. Qa8 axb3 37. axb3
Qb6 38. Rdd3 Rxb3 39. Rxb3 Nxb3 40. Qe8) 35... axb3 36. axb3 Rb8 $1 37. Qa4 Bh6
$1 38. Red3 Qb7 $1 {He threatens ..Ra8!} 39. Rxd4 $5 cxd4 40. Rxd4 Qxb3 41.
Rd8+ Bf8 $1 42. Qxb3 Rxb3 43. e5 Rb2 44. Kg1 Kg7 45. Rc8 Bb4 46. Kf1 Rb1+ 47.
Kg2 Be1 48. Rc7 Kf8 $1 {Ivanchuk has a winning material advantage.} 0-1

[Event "Biel"]
[Site "22"]
[Date "1989.07.31"]
[Round "11"]
[White "Sokolov, Ivan"]
[Black "Polugaevsky, Lev"]
[Result "0-1"]
[WhiteElo "2525"]
[BlackElo "2595"]
[Annotator "JvR"]
[PlyCount "96"]
[EventDate "1989.07.??"]
[SourceDate "2013.10.27"]

1. d4 Nf6 2. c4 e6 3. Nc3 Bb4 4. Qc2 O-O 5. a3 Bxc3+ 6. Qxc3 b6 7. Bg5 Bb7 8.
f3 h6 9. Bh4 d5 10. e3 Nbd7 11. c5 $5 c6 12. Bd3 a5 13. b4 $2 ({Correct is} 13.
cxb6 Qxb6 14. Ne2) 13... Ne4 $1 {Black springs a surprise.} 14. Bxe4 (14. Bxd8
Nxc3 15. Bxb6 axb4 $1 16. Ne2 Na4 {also favours Black.}) 14... Qxh4+ 15. g3 Qf6
16. Bc2 axb4 $5 17. axb4 Rxa1+ 18. Qxa1 Ra8 {Black has a positional advantage.}
19. Qc3 bxc5 20. bxc5 e5 $1 21. Kf2 exd4 $6 (21... Ba6 22. Ne2 Re8 {
keeps a plus.}) 22. exd4 Ba6 23. Ne2 Bc4 24. Re1 g6 25. Kg2 $6 {
He allows a pin.} Re8 $1 26. Nf4 ({Or} 26. Qd2 Rxe2+ 27. Rxe2 Bxe2 28. Qxe2
Qxd4 29. Bxg6 Kf8 30. Bf5 Nxc5 {and Black has gained a pawn.}) 26... Rxe1 27.
Qxe1 Qxd4 28. Bxg6 $1 Qb2+ 29. Kh3 Qe5 $1 30. Qxe5 Nxe5 31. Bc2 Bf1+ 32. Kh4 d4
$5 33. Bd1 Nc4 34. Ba4 Ne5 35. g4 Nxf3+ 36. Kh5 Ne5 37. g5 $5 d3 $1 38. gxh6 d2
39. Kg5 Nd7 40. Bd1 Nxc5 41. Kf5 Bb5 42. Ng2 Na4 43. Ne3 Nc3 44. Bb3 Be2 45.
h7+ Kxh7 46. Bxf7 Nd5 47. Bxd5 cxd5 48. Ke5 Bf3 {
Polugaevsky and Ivanchuk shared the lead.} 0-1

[Event "Biel"]
[Site "22"]
[Date "1989.08.04"]
[Round "14"]
[White "De Firmian, Nick"]
[Black "Polugaevsky, Lev"]
[Result "0-1"]
[WhiteElo "2595"]
[BlackElo "2595"]
[Annotator "JvR"]
[PlyCount "106"]
[EventDate "1989.07.??"]
[SourceDate "2013.10.27"]

{The two Soviet players led, when the last round began. Ivanchuk defeated
Hellers. So Polugaevsky had to win too.} 1. e4 c5 2. Nf3 d6 3. d4 cxd4 4. Nxd4
Nf6 5. Nc3 a6 6. f4 e6 7. Bd3 b5 8. e5 dxe5 9. fxe5 Nd5 10. Nxd5 $5 ({
An alternative is} 10. Qg4 Nb4 11. O-O) 10... Qxd5 11. Nf3 Nd7 12. O-O Bb7 (
12... Nxe5 $5 13. Nxe5 Qxe5 14. Qf3 Ra7 {brings chances for both sides.}) 13.
Qe2 Nc5 14. Kh1 $6 ({Preferable is} 14. Rd1 $1 Nxd3 15. Rxd3 Bc5+ 16. Be3)
14... Nxd3 $1 15. cxd3 Be7 16. Bg5 Bxg5 17. Nxg5 O-O 18. a3 $5 h6 19. Nf3 Rac8
20. h3 Rc7 21. Rad1 Rfc8 22. Rd2 Rc1 23. Rxc1 Rxc1+ 24. Kh2 Qc5 25. d4 Qc4 26.
Qe3 Rb1 27. Kg3 Qc1 28. Qf2 Bxf3 29. Kxf3 $1 {White defends a hard position.}
Qh1 30. Kg3 Rf1 31. Qe2 Rf5 32. Rc2 Rg5+ 33. Kf3 Qh2 34. Ke4 $5 Rf5 35. Rd2 Qg3
36. Qe3 $2 {De Firmian fails at the decisive moment.} (36. Qg4 $1 Qxg4+ 37.
hxg4 Rf1 38. Rc2 {tries to survive in a rook ending.}) 36... Qg6 $1 {
He threatens mate.} 37. d5 exd5+ 38. Rxd5 Rg5+ 39. Kd4 Rxg2 {
Black gains a pawn and the attack continues.} 40. Rd8+ Kh7 41. Rd6 Qf5 42. b4
Rf2 43. Rxa6 $5 (43. Qd3 Qxd3+ 44. Kxd3 Rf3+ 45. Kd4 Rxa3 46. Rd7 Kg6 47. Rd6+
Kf5 48. Rd7 f6 {wins for Black.}) 43... Rf3 44. Qe2 Rf4+ 45. Kd5 $5 Rc4 46. Rd6
Qxh3 47. Qxc4 bxc4 48. Kxc4 Qxa3 49. b5 Qa4+ 50. Kc5 Qc2+ 51. Kd5 Qb3+ 52. Kc5
Qc3+ 53. Kd5 Qb4 {The final standings became: Ivanchuk and Polugaevsky 9/14, I.
Sokolov 8, Hort and Miles 7, Torre 6, De Firmian 51/2, Hellers 41/2. Ivanchuk
won the tournament on tie-break.} 0-1

[Event "Biel"]
[Site "23"]
[Date "1990.07.20"]
[Round "1"]
[White "Karpov, Anatoly"]
[Black "Miles, Anthony"]
[Result "1-0"]
[WhiteElo "2730"]
[BlackElo "2595"]
[Annotator "JvR"]
[PlyCount "83"]
[EventDate "1990.07.??"]
[SourceDate "2013.10.27"]

{The twenty-third Schachfestival was played from 20 vii until 5 xiii 1990.
Eight participants carried out two cycles. Former world champion Karpov was
the main competitor.} 1. e4 e5 2. Nf3 Nc6 3. Bb5 Nf6 4. O-O Nxe4 5. d4 Nd6 6.
Bxc6 dxc6 7. dxe5 Nf5 8. Qxd8+ Kxd8 9. Nc3 Ke8 10. b3 h5 $5 11. Rd1 Be7 12. Bg5
{White has an edge in the Berlin Defence.} Nh6 $1 13. h3 Bf5 14. Bxe7 Kxe7 15.
Nd4 Rad8 16. Rd2 Bg6 17. Rad1 h4 $5 18. b4 $5 Nf5 19. Nce2 Nxd4 20. Nxd4 f6 $1
21. exf6+ Kxf6 22. Nb3 Rxd2 23. Rxd2 b6 $5 ({More easy is} 23... Re8 24. c3 b6)
24. Rd7 Rc8 25. Rd4 Bxc2 26. Rxh4 Re8 27. Rf4+ Ke5 $5 28. Rf7 $1 Bxb3 $5 29.
axb3 Kd4 $5 30. Rxg7 Kc3 31. Rxc7 Kxb4 32. Rxc6 Kxb3 {
Black has sacrificed two pawns.} 33. f4 Rf8 $2 {
Black should advance immediately.} ({Right is} 33... b5 $1 34. Ra6 Re7 35. f5
b4 36. f6 Rf7 37. g4 Kc3 38. Rc6+ Kd4 39. g5 b3 40. Rd6+ Ke4 41. Kg2 b2 42. Rd1
Kf5 {drawn.}) 34. g4 $1 Rxf4 35. g5 $1 b5 36. g6 Rf8 37. g7 Rg8 38. Rc7 a5 39.
h4 a4 40. h5 a3 41. h6 $1 a2 42. Ra7 $1 {Karpov wins the rook ending.} (42. Ra7
Kb2 43. Kh2 a1=Q 44. Rxa1 Kxa1 45. h7 Rxg7 46. h8=Q {decides the game (Karpov).
}) 1-0

[Event "Biel"]
[Site "23"]
[Date "1990.07.21"]
[Round "2"]
[White "Andersson, Ulf"]
[Black "Polugaevsky, Lev"]
[Result "1-0"]
[WhiteElo "2630"]
[BlackElo "2610"]
[Annotator "JvR"]
[PlyCount "85"]
[EventDate "1990.07.??"]
[SourceDate "2013.10.27"]

1. c4 c5 2. Nf3 Nc6 3. d4 cxd4 4. Nxd4 Nf6 5. Nc3 e6 6. a3 Bc5 7. Nb3 Be7 8. e4
O-O 9. Be2 b6 10. O-O Bb7 11. Be3 Rc8 $5 12. Rc1 Ne5 13. Nb5 $5 Nxe4 14. Nxa7
Ra8 15. Nb5 d6 16. N3d4 Nf6 17. f4 Ned7 18. Bf3 $1 Qc8 19. Qe2 Rd8 20. Kh1 $5
Bf8 21. Bg1 g6 22. b4 e5 23. Bxb7 Qxb7 24. fxe5 dxe5 25. Nc2 Nh5 26. Rcd1 Ndf6
$6 ({More solid is} 26... Rac8) 27. Qxe5 Rxd1 28. Rxd1 Re8 29. Qd4 Re2 30. Ne3
$1 Ne4 31. Nc3 Nxc3 32. Qxc3 Qe7 33. Nd5 Qe4 34. Qf3 $1 Qxc4 35. Nxb6 Qe6 36.
Nd5 $5 Bd6 37. g4 $5 Nf4 $5 38. Nxf4 Bxf4 39. Rf1 $5 g5 40. Bf2 Ra2 41. Bg3 $6
Qa6 $2 (41... Bxg3 $1 42. Qxg3 Qe4+ 43. Qf3 Qc4 {draws.}) 42. Bxf4 Rxa3 $2 ({
The pointe is} 42... gxf4 43. Qxf4 Qb7+ 44. Qf3 {and White wins (Ribli).}) 43.
Be3 $1 {White gains a piece.} 1-0

[Event "Biel"]
[Site "23"]
[Date "1990.07.22"]
[Round "3"]
[White "Karpov, Anatoly"]
[Black "Lautier, Joel"]
[Result "1-0"]
[WhiteElo "2730"]
[BlackElo "2570"]
[Annotator "JvR"]
[PlyCount "101"]
[EventDate "1990.07.??"]
[SourceDate "2013.10.27"]

1. Nf3 Nf6 2. c4 g6 3. g3 Bg7 4. Bg2 O-O 5. O-O d6 6. d4 Nbd7 7. Nc3 e5 8. h3
c6 9. e4 Qb6 10. Re1 exd4 11. Nxd4 Ne8 12. Nf3 Ne5 13. Nxe5 dxe5 14. Qa4 a5 $5
({Usual is} 14... Nc7) 15. a3 Nc7 16. Be3 $1 {
White takes the initiative at the cost of a pawn.} Qxb2 17. Rec1 b5 $1 18. Qd1
$1 {He gives another pawn.} ({The greedy} 18. cxb5 $6 Nxb5 $1 19. Nxb5 cxb5 20.
Qd1 Be6 21. Rcb1 Qc3 22. Rxb5 Rfd8 23. Qe1 Qxe1+ 24. Rxe1 a4 $1 {
slightly favours Black.}) 18... bxc4 $1 19. Bc5 {Karpov threatens 20.Rab1.} Ne6
20. Na4 $5 (20. Rab1 $1 Qxc1 21. Rxc1 Nxc5 22. Na4 {(Karpov) gains a plus.})
20... Qb3 21. Bxf8 Bxf8 22. Bf1 Nd4 23. Rxc4 Qxd1 24. Rxd1 Be6 $5 {
Capture of pawn a3 equalises.} 25. Rc3 Rd8 ({Not} 25... Bb3 $4 26. Rxd4 $1 {
(Knaak).}) 26. Kg2 Rb8 27. Nc5 Rb2 28. Bd3 Ba2 29. Na4 Rb3 30. Ra1 Rxc3 31.
Nxc3 Bb3 32. Ne2 a4 33. f4 Nb5 $2 {Lautier should counter on the queenside.} ({
Alright is} 33... c5 $1 34. Nxd4 exd4 35. Rc1 c4 $1 36. Bxc4 Bxa3) 34. fxe5 Bg7
35. Rc1 Bxe5 36. Rxc6 Nxa3 37. Ng1 Kf8 38. Nf3 Bb2 39. Nd2 Bd1 40. Rc7 Be5 $5
41. Rc5 $5 Bd4 $5 42. Rc8+ Ke7 43. Rc7+ Ke6 44. Nf3 Bb2 45. Rb7 Bc1 46. Kf2 h5
47. Be2 Bb3 48. Nd4+ Ke5 49. Nxb3 axb3 50. Rxb3 Kxe4 51. Bd3+ {
The white king moves through e2 to d1 and the knight will fall.} 1-0

[Event "Biel"]
[Site "23"]
[Date "1990.07.25"]
[Round "5"]
[White "Karpov, Anatoly"]
[Black "Polugaevsky, Lev"]
[Result "1-0"]
[WhiteElo "2730"]
[BlackElo "2610"]
[Annotator "JvR"]
[PlyCount "55"]
[EventDate "1990.07.??"]
[SourceDate "2013.10.27"]

1. d4 Nf6 2. c4 e6 3. Nf3 b6 4. g3 Ba6 5. Qa4 Bb7 6. Bg2 c5 7. dxc5 bxc5 8. O-O
Be7 9. Nc3 O-O 10. Rd1 d6 11. Bf4 Qb6 12. Rd2 Nc6 13. Bxd6 Bxd6 14. Rxd6 Qxb2
15. Rb1 Qxc3 16. Rxb7 Nd4 17. Qd1 Nxf3+ 18. Bxf3 Qxc4 {
This position ended as a draw in Polugaevsky - Portisch, Moscow 1990.} 19. a4
$5 a5 20. Rb5 $1 Ra7 $2 ({Better is} 20... Rac8 $1 21. Rxa5 e5) 21. Rd8 $1 g5
$5 ({Or} 21... g6 22. Rbb8 $1 {(Karpov).}) 22. Rxf8+ $1 Kxf8 23. Qd6+ Kg7 24.
Rxc5 Rd7 25. Qe5 $1 Qb4 26. Qxg5+ Kf8 27. Rc8+ Ke7 28. Kg2 {
A pawn will advance from e2 through e4 to e5.} 1-0

[Event "Biel"]
[Site "23"]
[Date "1990.07.25"]
[Round "6"]
[White "Polugaevsky, Lev"]
[Black "Miles, Anthony"]
[Result "0-1"]
[WhiteElo "2610"]
[BlackElo "2595"]
[Annotator "JvR"]
[PlyCount "112"]
[EventDate "1990.07.??"]
[SourceDate "2013.10.27"]

1. d4 d6 2. Nf3 Bg4 3. g3 Bxf3 4. exf3 e6 5. f4 c6 6. Bg2 g6 7. Nd2 Bg7 8. c3
Nd7 $5 ({Known is} 8... Ne7) 9. a4 Ne7 10. O-O O-O 11. Re1 Qc7 12. Nf3 Rac8 13.
Bd2 Rfd8 14. Qc2 c5 15. dxc5 Nxc5 16. Nd4 Nc6 17. Nb5 $5 Qb8 18. Be3 a6 19.
Bxc5 $5 ({More active is the immediate} 19. Na3 $5) 19... dxc5 20. Na3 Na5 $1
21. Rad1 c4 $1 22. Qe2 Qc7 23. Rxd8+ Rxd8 24. Bf1 Rc8 25. Rd1 Qc6 26. Qc2 Bf8
27. Nb1 Nb3 28. Bg2 $6 (28. Nd2 $1 Qxa4 29. Bxc4 $1 Rxc4 30. Nxb3 $1 Be7 31.
Ra1 {almost equalises.}) 28... Qxa4 $1 29. Bxb7 Rb8 30. Bf3 Nc5 $1 31. Qxa4
Nxa4 32. Nd2 Nxb2 33. Ra1 Bg7 34. Rxa6 Bxc3 35. Ne4 $2 ({Better is} 35. Nxc4 $1
Nxc4 36. Rc6 Rb2 37. Rxc4 Be1 38. Be4 Bxf2+ 39. Kg2 Bb6+ 40. Rc2) 35... Bd4 {
Black has gained a pawn.} 36. Rc6 Nd3 $1 37. Be2 Rb1+ $1 38. Kg2 Ne1+ 39. Kh3
c3 $1 40. Nxc3 Rb2 $1 ({Not} 40... Rc1 $2 41. Nd5 $1 Rxc6 42. Ne7+ Kg7 43. Nxc6
Bxf2) 41. Ba6 Rxf2 42. Ne4 Rb2 43. g4 Kg7 $5 44. Bc4 $5 Bg1 45. f5 Rxh2+ {
A second pawn falls.} 46. Kg3 Rg2+ 47. Kh3 exf5 48. gxf5 g5 $5 49. Rc7 (49. Nf6
Rh2+ 50. Kg3 h5 {wins for Black (Miles).}) 49... g4+ 50. Kh4 Nf3+ 51. Kh5 Rh2+
$1 52. Kxg4 Ne5+ 53. Kg3 Rc2 54. f6+ Kh6 $1 55. Nd6 Bh2+ 56. Kh3 Bf4 $1 {
Polugaevsky scored poorly during the first cycle.} 0-1

[Event "Biel"]
[Site "23"]
[Date "1990.07.27"]
[Round "7"]
[White "Karpov, Anatoly"]
[Black "De Firmian, Nick"]
[Result "1-0"]
[WhiteElo "2730"]
[BlackElo "2560"]
[Annotator "JvR"]
[PlyCount "85"]
[EventDate "1990.07.??"]
[SourceDate "2013.10.27"]

1. d4 Nf6 2. c4 e6 3. Nf3 c5 4. d5 exd5 5. cxd5 d6 6. Nc3 g6 7. h3 a6 8. a4 Qe7
9. Bg5 Nbd7 10. e3 Bg7 11. Be2 O-O 12. O-O h6 13. Bh4 Ne5 14. Nd2 g5 15. Bg3
Re8 $5 ({Known is} 15... Bf5) 16. Re1 Rb8 17. a5 Bf5 18. e4 Bg6 19. Ra4 Nfd7
20. Qc2 Rbc8 21. b3 Qf8 $5 22. Nf1 f5 23. exf5 Bxf5 24. Qd2 Nf6 $6 ({Better is
} 24... Bg6 $1 25. Ne3 Qe7) 25. Ne3 $1 Bg6 26. f4 Nf7 27. Bf2 gxf4 $6 ({
Preferable is} 27... Rc7) 28. Rxf4 Qe7 $6 (28... h5 $1 {is more useful.}) 29.
Nf5 $1 Bxf5 30. Rxf5 Qc7 31. Qf4 $1 {The restraint transforms into an attack.}
Nh7 ({The pointe is} 31... Qxa5 $2 32. Rxf6 Ng5 33. Rc1 {(Karpov).}) 32. Ne4 $1
Ne5 33. Rf1 Rf8 34. Be1 $1 b5 35. axb6 Qxb6 36. Kh1 Kh8 37. Qg3 Rxf5 38. Rxf5
Rg8 39. Qe3 a5 40. Bg3 Rb8 41. Nxd6 $1 Qxd6 42. Rxe5 $1 Qf8 43. Re6 {
Karpov had scored 51/2/7 in the first cycle. He slowed down hereafter.} 1-0

[Event "Biel"]
[Site "23"]
[Date "1990.07.29"]
[Round "9"]
[White "Wahls, Matthias"]
[Black "Lautier, Joel"]
[Result "1-0"]
[WhiteElo "2525"]
[BlackElo "2570"]
[Annotator "JvR"]
[PlyCount "133"]
[EventDate "1990.07.??"]
[SourceDate "2013.10.27"]

1. e4 e6 2. d4 d5 3. Nd2 c5 4. Ngf3 cxd4 5. exd5 Qxd5 6. Bc4 Qd6 7. O-O Nf6 8.
Nb3 Nc6 9. Nbxd4 Nxd4 10. Nxd4 a6 11. Bb3 Bd7 12. c3 Qc7 13. Bg5 Ne4 14. Bh4
Bd6 $5 ({The alternative is} 14... Qf4) 15. Qe2 $5 (15. Qg4 $1 Bxh2+ 16. Kh1
Qf4 17. Qh3 {gains a plus.}) 15... Nc5 16. Nf5 $1 {White takes the initiative.}
Bxh2+ 17. Kh1 O-O 18. Nxg7 $1 Qe5 $1 {
Capture of the knight is punished by mate in two.} 19. Qxe5 Bxe5 20. Nh5 Nxb3
21. axb3 f5 22. Rfe1 Bh8 23. Rad1 $1 Be8 24. Nf4 e5 $1 {
An attack in the centre is answered by a counter.} 25. Nd5 Bh5 $2 ({
Preferable is} 25... Rf7 26. Kg1 Rb8) 26. Ne7+ $1 Kf7 27. Rd7 Ke6 28. Rxb7 Rfb8
29. Rxb8 Rxb8 30. Nc6 $1 Rb6 ({The pointe is} 30... Rxb3 $2 31. Nd4+) 31. Nd4+
$6 (31. Nxe5 $1 Bxe5 32. f4 Rxb3 33. Rxe5+ Kd7 34. Rxf5 Rb5 35. Rf6 Rxb2 36.
Rxa6 {wins for White.}) 31... Kd7 32. Nxf5 Rxb3 33. Ra1 Be2 34. Ra2 e4 35. Bg5
Ke6 36. Ng3 Bd3 37. Bf4 Bf6 38. Kh2 Bh4 39. Bc1 Kd5 40. Ra5+ Rb5 41. Ra4 $1
Bxg3+ 42. Kxg3 Bc4 43. Rxa6 Rxb2 44. Ra7 Rc2 45. Be3 Rxc3 46. Rxh7 {
White has an extra pawn in the endgame.} Bf1 47. Rh5+ Ke6 48. Rh1 Bd3 49. Kf4
Kf7 50. Kf5 Ra3 51. Rh7+ Kg8 52. Rc7 Ra5+ 53. Kf4 Ra8 54. Bc5 Ra6 55. g4 Rf6+
56. Kg5 Ra6 57. Be3 Ra8 58. Kf5 Rf8+ 59. Kg5 Rf7 60. Rc8+ Rf8 61. Rc6 Rf7 62.
Rd6 Rg7+ {Black sealed this move.} 63. Kf4 Kh7 64. Bd4 Rg6 65. Rd7+ Kh6 $2 66.
Be5 $2 ({Better is} 66. Kg3 $1 Kg5 $2 67. Rd5+ Kh6 68. Rh5#) 66... Be2 $2 (
66... Bc2 {prolongs the game.}) 67. Ke3 $1 {
Wahls delivers mate or gains material.} 1-0

[Event "Biel"]
[Site "23"]
[Date "1990.07.30"]
[Round "10"]
[White "De Firmian, Nick"]
[Black "Polugaevsky, Lev"]
[Result "0-1"]
[WhiteElo "2560"]
[BlackElo "2610"]
[Annotator "JvR"]
[PlyCount "76"]
[EventDate "1990.07.??"]
[SourceDate "2013.10.27"]

1. e4 c5 2. Nf3 d6 3. d4 cxd4 4. Nxd4 Nf6 5. Nc3 a6 6. f4 e6 7. Qf3 Qb6 8. a3
Nc6 9. Nb3 Qc7 10. Bd3 g6 $5 (10... Be7 11. Bd2 O-O 12. O-O b5 {
was played in Tal - Zaichik, Tbilisi 1988.}) 11. O-O Bg7 12. Be3 O-O 13. Rae1
b5 14. e5 $6 ({Preferable is} 14. Ne2) 14... dxe5 15. Bc5 Bb7 $1 {
Black delivers a positional sacrifice.} 16. Bxf8 Rxf8 17. Qe3 $5 Bh6 $1 18. Qh3
$2 ({Better is} 18. Ne4 $1 Nxe4 19. Bxe4 Bxf4 20. Qf2 {and White exchanges.})
18... Bxf4 19. Kh1 $6 Ne7 $1 20. Ne2 Ned5 $1 {Black dominates the centre.} 21.
Qh4 Kg7 $6 ({More active is} 21... Nh5 $1) 22. Nxf4 Nxf4 23. Rf2 h6 24. Kg1 $5
Rd8 25. Nd2 $5 Rd4 26. Qg3 Ng4 27. Qxg4 Nxd3 28. Qxd4 exd4 29. cxd3 e5 30. Nb3
Bd5 31. Rc1 Qe7 32. Nc5 a5 33. b4 axb4 34. axb4 h5 35. Re1 h4 36. Rfe2 Qg5 37.
h3 Qg3 38. Rf2 $2 (38. Rf1 f5 {prolongs the game (Polugaevsky).}) 38... Bxg2 $1
{Polu did better in the second cycle.} 0-1

[Event "Biel"]
[Site "23"]
[Date "1990.08.04"]
[Round "14"]
[White "Andersson, Ulf"]
[Black "Lautier, Joel"]
[Result "1-0"]
[WhiteElo "2630"]
[BlackElo "2570"]
[Annotator "JvR"]
[PlyCount "117"]
[EventDate "1990.07.??"]
[SourceDate "2013.10.27"]

1. Nf3 Nf6 2. d4 e6 3. g3 b5 4. Bg2 Bb7 5. O-O Be7 6. Bg5 c5 7. dxc5 Bxc5 8.
Qd3 a6 $5 9. c4 bxc4 10. Qxc4 Be7 11. Nc3 h6 12. Qb3 $1 Bc6 13. Bf4 O-O 14.
Rfd1 a5 15. Nd4 Bxg2 16. Kxg2 Ra6 17. Rac1 Rb6 18. Ndb5 Na6 19. f3 Nc5 20. Qc2
d6 21. e4 Qb8 22. Qe2 Rd8 23. Rc2 Ne8 24. b3 Qb7 25. Na3 Ra6 26. Nc4 Rc8 27.
Be3 Bf6 28. Rdc1 Nd7 29. Qd2 Bd8 30. Na4 Rac6 31. Ncb2 Rxc2 32. Rxc2 Rxc2 33.
Qxc2 Nef6 34. Nc4 d5 $1 35. exd5 Nxd5 36. Bf2 Nb4 37. Qd2 Qd5 38. Nc3 Qxd2 39.
Nxd2 {The chances are equal.} Ne5 40. f4 Ned3 41. Nc4 Nc1 $5 (41... Nxf2 $1 42.
Kxf2 Bf6 {avoids all troubles.}) 42. Bb6 Bxb6 43. Nxb6 Nd5 $2 (43... Ncxa2 $1
44. Nxa2 Nxa2 45. Nc4 Nb4 46. Nxa5 g5 {draws.}) 44. Nbxd5 exd5 {
Black has weaknesses in the knight ending.} 45. Kf3 $5 (45. Nxd5 Nxa2 46. Ne7+
Kf8 47. Nc6 f5 48. Nxa5 {gains a pawn.}) 45... d4 $1 46. Nb5 Nxa2 47. Nxd4 Nb4
48. Ke4 Kf8 49. Nf5 Nc2 50. Kd5 {Andersson plays for a win.} g6 $1 51. Nd4 Ne3+
52. Kd6 Nf1 53. Nc6 Nxh2 54. Nxa5 Nf1 55. b4 $1 Ke8 $2 {He plays too shy again.
} (55... Nxg3 $1 56. b5 Ne4+ 57. Kc6 Ke7 58. Nc4 Kd8 59. b6 Kc8 60. Ne5 Nf6 $1
61. Nd3 Ng8 $1 62. b7+ Kb8 {leads to an escape.}) 56. b5 $1 Kd8 57. b6 Kc8 58.
Kc6 Kb8 ({Or} 58... Ne3 59. Nb7 $1 Nc2 60. Nd6+ Kb8 61. b7 f5 62. Ne8 Nb4+ 63.
Kc5 $1 {and White wins.}) 59. Nb3 {Lautier will be mated.} 1-0

[Event "Biel"]
[Site "23"]
[Date "1990.08.04"]
[Round "14"]
[White "De Firmian, Nick"]
[Black "Karpov, Anatoly"]
[Result "0-1"]
[WhiteElo "2560"]
[BlackElo "2730"]
[Annotator "JvR"]
[PlyCount "64"]
[EventDate "1990.07.??"]
[SourceDate "2013.10.27"]

1. e4 c6 2. d4 d5 3. Nd2 dxe4 4. Nxe4 Nd7 5. Ng5 Ndf6 6. Bc4 e6 7. Ne2 c5 $5 ({
Usual is} 7... Bd6) 8. O-O h6 9. Nf3 a6 10. a4 cxd4 11. Nexd4 {
White leads in development.} Bd6 12. Qe2 Ne7 13. Ne5 Qc7 $2 ({Correct is} 13...
O-O) 14. Ndf3 $2 {They miss drastic tactics.} (14. Nxf7 $1 Kxf7 15. Nxe6 Bxe6
16. Qxe6+ Ke8 17. Qf7+ Kd8 18. Qxg7 {brings a devastating attack.}) 14... O-O
15. b3 b6 16. Bb2 Bb7 17. Rad1 Ned5 18. Rd4 b5 $1 19. Bxd5 Bxd5 20. Ng4 $5 Be7
21. Nfe5 Qb7 22. Nxf6+ $6 ({Better is} 22. Re1) 22... Bxf6 23. Rg4 Kh8 $6 (
23... h5 $1 24. Rg3 h4 $1 25. Rg4 h3 {counters.}) 24. c4 bxc4 25. Nd7 $2 ({
Right is} 25. bxc4 $1 Bc6 26. a5) 25... Bxb2 26. Qxb2 Rg8 27. Rh4 Kh7 28. Ne5
$2 (28. Qb1+ f5 29. bxc4 Qxd7 30. cxd5 Qxd5 31. Rd1 {offers more resistance.})
28... cxb3 29. Re1 Rac8 30. Qd2 f5 31. g4 g5 32. Rh3 Rc2 {The final standings
became: Karpov 91/2/14, Andersson 8, Miles and Wahls 71/2, Hort and
Polugaevsky 7, De Firmian 5, Lautier 41/2.} 0-1